Normal view
MARC view
- Deakin , Brian
Entry Personal Name
001 - CONTROL NUMBER
- control field: 5511
003 - CONTROL NUMBER IDENTIFIER
- control field: JO-AjAnu
005 - DATE AND TIME OF LATEST TRANSACTION
- control field: 20230606071208.0
008 - FIXED-LENGTH DATA ELEMENTS
- fixed length control field: 230606|| aca||aabn | a|a d
040 ## - CATALOGING SOURCE
- Original cataloging agency: JO-AjAnu
- Transcribing agency: JO-AjAnu
100 ## - HEADING--PERSONAL NAME
- Personal name: Deakin , Brian
670 ## - SOURCE DATA FOUND
- Source citation: Work cat.: (JO-AjAnu)2848: Deakin , Brian , author, Letter Writing in English